| 000 | 01450cam a2200373 a 4500 | ||
|---|---|---|---|
| 001 | 15609754 | ||
| 003 | OSt | ||
| 005 | 20150408114001.0 | ||
| 008 | 111215s2009 enka b 001 0 eng | ||
| 010 | _a | ||
| 020 | _a9780199219247 | ||
| 020 | _a0199219249 | ||
| 020 | _a9780199219230 | ||
| 020 | _a0199219230 | ||
| 035 | _a(OCoLC)ocn301948887 | ||
| 040 |
_aDLC _cMU |
||
| 082 | 0 | 0 |
_a424.6 K A S _222 |
| 100 | 1 |
_aKahnemuyipour, Arsalan. _98680 |
|
| 245 | 1 | 4 |
_aThe syntax of sentential stress / _cArsalan Kahnemuyipour. |
| 260 |
_aOxford ; _aNew York : _bOxford University Press, _c2009. |
||
| 300 |
_axiii, 196 p. : _bill. ; _c24 cm. |
||
| 440 | 0 | _aOxford linguistics | |
| 440 | 0 |
_aOxford studies in theoretical linguistics ; _v25 _98681 |
|
| 504 | _aIncludes bibliographical references and index. | ||
| 650 | 0 |
_aAccents and accentuation. _98682 |
|
| 650 | 0 |
_aGrammar, Comparative and general _xSentences. _98683 |
|
| 650 | 0 |
_aEmphasis (Linguistics) _98684 |
|
| 650 | 0 |
_aOral communication. _95079 |
|
| 856 | 4 | 2 |
_3Contributor biographical information _uhttp://www.loc.gov/catdir/enhancements/fy1001/2009004871-b.html |
| 856 | 4 | 2 |
_3Publisher description _uhttp://www.loc.gov/catdir/enhancements/fy1001/2009004871-d.html |
| 906 |
_a7 _bcbc _corignew _d1 _eecip _f20 _gy-gencatlg |
||
| 942 |
_2ddc _cDVD |
||
| 999 |
_c20084 _d254584 |
||